Find the Secret Numbers #QCCSecret - Statistics

General Stats
  • This quiz has been taken 22 times
  • The average score is 4 of 5
Answer Stats
Hint Answer % Correct
Find 471 and tell me the three digits right before it 503
100%
Find 910 and tell me the three digits that are right after it 754
72%
Find 214 and tell me the two digits that are right in front and after it 05
67%
Find 289 and calculate the numbers that stand right before and after it together 8
67%
Find 327 and add together the four number that are found right before and after it 23
50%
No matching quizzes found
Score Distribution
Percent of People with Each Score
Percentile by Number Answered
Your Score History
You have not taken this quiz